000
00311nam a22001217a 4500
082
_a
920/RUP
100
_a
Rupainwar, Dr. Anshu
_9
81836
245
_a
The Essence Of Kalam's Educational Philosophy
260
_a
New Delhi
_b
Aravali Books International
_c
2020
300
_a
180
650
_a
Biography
942
_c
BK
999
_c
66013
_d
66013